Titre d'un film James Bond... ou Western ? - Statistiques

Statistiques générales
  • Ce quiz a été pris 1 873 fois
  • Le résultat moyen est 17 sur 20
Statistiques - réponses
Hint Explanation Réponse % Correct
Le train sifflera trois fois Film de Fred Zinnemann de 1952 Western
93%
Permis de tuer Sortie : 1989 Film de James Bond
92%
Meurs un autre jour Sortie : 2002 Film de James Bond
92%
Et pour quelques dollars de plus Film de Sergio Leone de 1965 Western
92%
Mon nom est Personne Film de Tonino Valerii de 1973 Western
86%
La première balle tue Film de Russel Rouse de 1956 Western
86%
Vivre et laisser mourir Sortie : 1973 Film de James Bond
85%
Dangereusement vôtre Sortie : 1985 Film de James Bond
85%
Tire encore si tu peux Film de Giulio Questi de 1967 Western
84%
La vengeance aux deux visages Film de Marlon Brando de 1961 Western
83%
Sept secondes en enfer Film de John Sturges de 1967 Western
83%
On ne vit que deux fois Sortie : 1967 Film de James Bond
82%
Tuer n'est pas jouer Sortie : 1987 Film de James Bond
82%
Les diamants sont éternels Sortie : 1971 Film de James Bond
81%
Rien que pour vos yeux Sortie : 1981 Film de James Bond
81%
Un jeu risqué Film de Jacques Tourneur de 1955 Western
80%
La mort était au rendez-vous Film de Giulio Petroni de 1967 Western
78%
Mort ou vif Film de Sam Raimi de 1995, "Instinct de Vengeance" au Québec Western
76%
L'homme au pistolet d'or Sortie : 1974 Film de James Bond
73%
Opération Tonnerre Sortie : 1965 Film de James Bond
73%
Aucun quiz correspondant
Distribution des résultats
% des personnes avec chaque résultat
Percentile par nombre de réponses
Votre historique - résultats
Vous n’avez pas pris ce quiz